Автоматизированная информационно-измерительная система учета и контроля электроэнергии ИИСЭ1-48 (Запись № 7854897)

Подробности
000 -МАРКЕР
контрольное поле 01765nam0a22003371 4500
001 - ИДЕНТИФИКАТОР ЗАПИСИ
контрольное поле rc\2116063
005 - ИДЕНТИФИКАТОР ВЕРСИИ
контрольное поле 20260407191907.0
035 ## - ДРУГИЕ СИСТЕМНЫЕ НОМЕРА
Идентификатор записи (NLR Aleph) 008759204
100 ## - ДАННЫЕ ОБЩЕЙ ОБРАБОТКИ
Данные общей обработки 20110829d1978 |||y0rusy50 ca
101 0# - ЯЗЫК РЕСУРСА
Язык текста, звукозаписи и т.д. русский
102 ## - СТРАНА ПУБЛИКАЦИИ ИЛИ ПРОИЗВОДСТВА
Страна публикации российская федерация
105 ## - ПОЛЕ КОДИРОВАННЫХ ДАННЫХ: ТЕКСТОВЫЕ МАТЕРИАЛЫ, МОНОГРАФИЧЕСКИЕ
Кодированные данные о монографическом текстовом документе a z |||||
200 1# - ЗАГЛАВИЕ И СВЕДЕНИЯ ОБ ОТВЕТСТВЕННОСТИ
Основное заглавие Автоматизированная информационно-измерительная система учета и контроля электроэнергии ИИСЭ1-48
Сведения, относящиеся к заглавию техническая информация
Первые сведения об ответственности Белорус. фил. Гос. НИИ им. Г.М. Кржижановского. Вильнюс. з-д электроизмер. техники
205 ## - СВЕДЕНИЯ ОБ ИЗДАНИИ
Сведения об издании 4-е изд., доп.
210 ## - ПУБЛИКАЦИЯ, РАСПРОСТРАНЕНИЕ И ДР.
Место издания, распространения и т.д. Вильнюс
Имя издателя, распространителя и т. д. Экспериментальное художественно-конструкторское бюро
Дата издания, распространения и т.д. 1978
215 ## - ФИЗИЧЕСКАЯ ХАРАКТЕРИСТИКА
Специфическое обозначение материала и объем 15 с.
Другие сведения о физической характеристике ил.
Размеры 29
606 1# - НАИМЕНОВАНИЕ ТЕМЫ КАК ПРЕДМЕТ
Наименование темы Электрическая энергия
Тематический подзаголовок Измерение
Системный номер авторитетной/нормативной записи 1984687
Идентификатор авторитетной/нормативной записи RU\NLR\AUTH\661196496
606 1# - НАИМЕНОВАНИЕ ТЕМЫ КАК ПРЕДМЕТ
Наименование темы Электроизмерительные приборы автоматические
Системный номер авторитетной/нормативной записи 2152355
Идентификатор авторитетной/нормативной записи RU\NLR\AUTH\661296059
686 0# - ИНДЕКСЫ ДРУГИХ КЛАССИФИКАЦИЙ
Индекс З280.7-5-082.01я82
Код системы
711 02 - НАИМЕНОВАНИЕ ОРГАНИЗАЦИИ - АЛЬТЕРНАТИВНАЯ ОТВЕТСТВЕННОСТЬ
Начальный элемент ввода Вильнюсский завод электроизмерительной техники
Идентификатор авторитетной/нормативной записи RU\NLR\AUTH\8810125153
Системный номер авторитетной/нормативной записи 747770
712 02 - НАИМЕНОВАНИЕ ОРГАНИЗАЦИИ - ВТОРИЧНАЯ ОТВЕТСТВЕННОСТЬ
Начальный элемент ввода Энергетический институт им. Г. М. Кржижановского
Идентифицирующий признак Москва
Структурное подразделение Белорусский филиал
Идентификатор авторитетной/нормативной записи RU\NLR\AUTH\889932485
Системный номер авторитетной/нормативной записи 360260
801 #1 - ИСТОЧНИК ЗАПИСИ
Страна российская федерация
Организация ELAR
Источник данных rusmarc
801 #0 - ИСТОЧНИК ЗАПИСИ
Страна российская федерация
Организация NLR
Правила каталогизации psbo
801 #2 - ИСТОЧНИК ЗАПИСИ
Страна российская федерация
Организация NLR
Дата составления 20111212
Источник данных rusmarc
852 ## - МЕСТОНАХОЖДЕНИЕ И ШИФР ХРАНЕНИЯ
Идентификатор организации NLR
Шифр хранения (Call Number) 79-8/841
852 ## - МЕСТОНАХОЖДЕНИЕ И ШИФР ХРАНЕНИЯ
Идентификатор организации NLR
Шифр хранения (Call Number) 78-8/699
899 ## - ДАННЫЕ О МЕСТОНАХОЖДЕНИИ (устаревшее)
Местонахождение RuMoRGB
Шифр хранения M 78-13/102
899 ## - ДАННЫЕ О МЕСТОНАХОЖДЕНИИ (устаревшее)
Местонахождение RuMoRGB
Шифр хранения M 78-13/103
942 ## - ДОПОЛНИТЕЛЬНЫЕ ЭЛЕМЕНТЫ ЗАПИСИ (АБИС)
Тип экземпляра АБИС Книга
980 ## - КОЛЛЕКЦИЯ
Название коллекции Национальная библиография
Экземпляры
Тип экземпляра Дата поступления Библиотека постоянного хранения Библиотека текущего хранения Место хранения Шифр хранения Штрих-код Статус не для выдачи
Книга 26.10.2013 РНБ (Московский) РНБ (Московский) Русский книжный фонд: издания с 1957 года, 9этаж 79-8/841 8759204-10  
Книга 26.10.2013 РНБ (Московский) РНБ (Московский) Русский книжный фонд: издания с 1957 года, 9этаж, Хран. 78-8/699 8759204-40